000 00623nam a22002417a 4500
003 UA-OsUOA
001 72097
007 ta
008 20101221b un ||||| |||| 00| 0 ukr d
100 _aЛазарев Ф. В.
090 _a1(075.8)
_bЛ17
942 _cBK
040 _aUA-OsUOA
_brus
_cUA-OsUOA
_dUA-OsUOA
245 _aФилософия
_bучебное пособие
300 _a352 с.
955 _a2
041 _arus
080 _a1(075.8)
020 _a966-7347-07-9
260 _aСимферополь
_bСонат
_c1999
650 7 _a1 Філософські науки
_2UDC
999 _c358383
_d358383